| 000 | 00924nam a2200121Ia 4500 | ||
|---|---|---|---|
| 008 | 220615s9999||||xx |||||||||||||| ||und|| | ||
| 100 | _aLöning, Ludger | ||
| 245 | 0 |
_aEconomic Growth, Biodiversity Conservation, and the Formation of Human Capital in a Developing Country _bThe Case of Guatemala |
|
| 546 | _aEnglish[eng] | ||
| 650 | _aArmut||Bildungspolitik||Biodiversität||Biodiversity||Capital||Case||Conservation||Country||Developing||Economic||Formation||Forstwirtschaft||Growth||Guatemala||Guatemala||Human||Löning||Natürliche Ressourcen||Wirtschaftliches Wachstum||Wirtschaftswachstum||Zentralamerika | ||
| 856 | _uhttps://library.oapen.org/bitstream/20.500.12657/26893/1/1003150.pdf||https://library.oapen.org/bitstream/20.500.12657/26893/1/1003150.pdf||https://library.oapen.org/bitstream/20.500.12657/26893/1/1003150.pdf||https://library.oapen.org/bitstream/20.500.12657/26893/1/1003150.pdf | ||
| 942 | _cEB | ||
| 999 |
_c14235 _d14235 |
||